El Rol de las instituciones en la lucha contra la corrupción /

Establece el rol que pueden desempeñar las instituciones en la generación de las condiciones e incentivos para la realización de actos de corrupción o, por el contrario los limiten o eliminen. Las "instituciones" son entendidas, para efectos de este trabajo, como las leyes (normas y regula...

תיאור מלא

שמור ב:
מידע ביבליוגרפי
מחבר ראשי: Mosqueira Medina, Edgardo
פורמט: Texto
נושאים:
תגים: הוספת תג
אין תגיות, היה/י הראשונ/ה לתייג את הרשומה!

MARC

LEADER 00000 a a2200000 04500
001 3779
003
040
100 |a Mosqueira Medina, Edgardo  
245 |a El Rol de las instituciones en la lucha contra la corrupción /  |c Edgardo Mosqueira Medina 
520 |a Establece el rol que pueden desempeñar las instituciones en la generación de las condiciones e incentivos para la realización de actos de corrupción o, por el contrario los limiten o eliminen. Las "instituciones" son entendidas, para efectos de este trabajo, como las leyes (normas y regulaciones) que establecen las reglas de juego en las que se desempeñan las actividades de los individuos y el funcionamiento de la Administración Pública. REV/LCL  
650 |a CORRUPCION  
650 |a MARCO INSTITUCIONAL  
650 |a LEGISLACION  
773 |g volumen 12, número 4 (48); páginas 105-125  
999 |c 35309  |d 35309